Visualizzazione normale
Vista MARC
- Socialismo
di Topical Term
Records bibliografici associati: 1
001 - CONTROL NUMBER
- control field: 18789
003 - CONTROL NUMBER IDENTIFIER
- control field: IT-RoINE
005 - DATE AND TIME OF LATEST TRANSACTION
- control field: 20201028081639.0
008 - FIXED-LENGTH DATA ELEMENTS
- fixed length control field: 150429|| aca||aabn | a|a d
040 ## - CATALOGING SOURCE
- Original cataloging agency: IT-RoINE
- Transcribing agency: IT-RoINE
150 ## - HEADING--TOPICAL TERM
- Topical term or geographic name as entry element: Socialismo
- Geographic subdivision: España
- General subdivision: Historia
- Chronological subdivision: Siglos 19o.-20o.
670 ## - SOURCE DATA FOUND
- Source citation: Work cat.: (IT-RoINE)0: Juliá, Santos, 1940- 14074, Los socialistas en la política española, 1879-1982 /, 1997.